Guess the Rapper by Song - Statistics

General Stats
  • This quiz has been taken 11 times
  • The average score is 5 of 55
Answer Stats
Hint Answer % Correct
So Many Tears 2Pac
50%
21 Questions 50 Cent
30%
Damien DMX
30%
Codeine Crazy Future
30%
G.O.M.D J. Cole
30%
Location Playboi Carti
30%
No More ?'s Eazy-E
20%
Drug Ballad Eminem
20%
Hood Politics Kendrick Lamar
20%
New World Water Mos Def
20%
How We Do The Game
20%
Regulate Warren G
20%
Nothin New 21 Savage
10%
Terrorist Threats Ab-Soul
10%
Second Round K.O. Canibus
10%
Pound Cake Drake
10%
Iron Maiden Ghostface Killah
10%
Cold World GZA
10%
Dance With the Devil Immortal Technique
10%
Lucifer Jay-Z
10%
Two Words Kanye West
10%
Sky Might Fall Kid Cudi
10%
Black Cop KRS-One
10%
Bring the Pain Method Man
10%
Deep Fried Frenz MF DOOM
10%
Take It In Blood Nas
10%
Hippa to da Hoppa Ol' Dirty Bastard
10%
Kurt Kobain Proof
10%
Things Done Changed The Notorious B.I.G.
10%
Crabs In a Bucket Vince Staples
10%
Paparazzi Xzibit
10%
Rather Unique AZ
0%
Smooth Operator Big Daddy Kane
0%
No Endz, No Skinz Big L
0%
Glamour Life Big Pun
0%
Gimme Some More Busta Rhymes
0%
Faithful Common
0%
Press Rewind Del Tha Funkee Homosapien
0%
Story: No Title Denzel Curry
0%
Let Me Ride Dr. Dre
0%
A Gangsta's Fairytale Ice Cube
0%
Fast Life Kool G Rap
0%
4,3,2,1 LL Cool J
0%
Flexicution Logic
0%
Mad Scientist MC Ren
0%
Simon Says Pharoahe Monch
0%
Dear Dilla Phife Dawg
0%
Get Back Pop Smoke
0%
Let's Ride Q-Tip
0%
Ice Water Raekwon
0%
When I B on tha Mic Rakim
0%
Boom Royce da 5'9
0%
Hey Young World Slick Rick
0%
Serial Killa Snoop Dogg
0%
Get By Talib Kweli
0%
No matching quizzes found
Score Distribution
Percent of People with Each Score
Percentile by Number Answered
Your Score History
You have not taken this quiz